Datum a čas kvízu
34
Celkem bodů
Celkový počet nahraných bodů na tomto kvízu bez doplňovacích otázek.
2.
Pořadí na kvízu
Konečné umístění týmu na tomto kvízu.
Zaznamenané odpovědi
| # | Otázka | Odpověď | Body | Výsledky |
|---|---|---|---|---|
| 1. | Vedle kanceláře poslance SPD R... | 1 | ||
| 2. | Jednotvárný zvuk od silnice ob... | 1 | ||
| 3. | Soutěž World Press Photo letos... | 0 | ||
| 4. | Ministerstvo dopravy vybralo v... | 1 | ||
| 5. | Minulý týden se začala prodáva... | 1 | ||
| 6. | Vzpomeňme v tomto tématu na zř... | 1 | ||
| 7. | Vyberte nepravdivé tvrzení o F... | 1 | ||
| 8. | Jedno z jeho prvních děl bylo... | 1 | ||
| 9. | „Ježíši Kriste, přechytračil j... | 1 | ||
| 10. | V roce 1979 natočil Miloš Form... | 0 |